[Event "HCL-C047"]
[Site "www.playchess.de"]
[Date "2001.04.17"]
[Round "10"]
[White "Yogesh"]
[Black "qwert660"]
[WhiteElo "1204"]
[BlackElo "1299"]
[PlyCount "68"]
[Result "0-1"]

1.e4 d5 2.e5 c5 3.Nf3 Bg4 4.c3 Nc6 5.Bb5 e6 6.h3 
Bh5 7.g4 Bg6 8.h4 h5 9.gxh5 Bxh5 10.Qa4 Bxf3 
11.Bxc6+ bxc6 12.Qxc6+ Ke7 13.Qxc5+ Kd7 14.Qb5+ 
Kc7 15.Rh3 Bg4 16.Rh2 Qb8 17.Qa5+ Qb6 18.Qa4 Bf5 
19.d4 Ne7 20.b3 Nc6 21.Nd2 Be7 22.c4 Nxd4 23.Kf1 
Rxh4 24.Rxh4 Bxh4 25.cxd5 Bh3+ 26.Ke1 Bg4 27.Qc4+ 
Kb7 28.Ne4 Rc8 29.Nd6+ Qxd6 30.Qxd4 Qxd5 31.Qb4+ 
Ka8 32.Bb2 Qh1+ 33.Kd2 Bg5+ 34.Kd3 
Qf3+ 0-1

[Event "HCL-C047"]
[Site "www.playchess.de"]
[Date "2001.04.17"]
[Round "16"]
[White "Zzax"]
[Black "Hansie"]
[WhiteElo "1000"]
[BlackElo "1000"]
[PlyCount "37"]
[Result "1-0"]

1.d4 d6 2.e4 Nc6 3.Nf3 e5 4.dxe5 dxe5 5.Qxd8+ Kxd8 
6.Bb5 Nd4 7.Nxd4 exd4 8.O-O c6 9.Bc4 b5 10.Bxf7 
Ne7 11.Bg5 h6 12.Bh4 g5 13.Bg3 Bg7 14.Nd2 Rf8 
15.Bh5 g4 16.Nb3 a5 17.Rad1 Ra7 18.Nxd4 Rd7 
19.Ne6+ 1-0

[Event "HCL-C047"]
[Site "www.playchess.de"]
[Date "2001.04.17"]
[Round "17"]
[White "Ewie"]
[Black "Zzax"]
[WhiteElo "447"]
[BlackElo "1000"]
[PlyCount "56"]
[Result "0-1"]

1.e4 d5 2.Qe2 dxe4 3.Qxe4 Nf6 4.Qa4+ Bd7 5.Qb4 Nc6 
6.Qc3 e6 7.Nf3 Bb4 8.Qb3 O-O 9.a3 Ba5 10.Qxb7 Rb8 
11.Qa6 Rb6 12.Qc4 Ne7 13.Bd3 Bb5 14.Qh4 Bxd3 
15.cxd3 Qxd3 16.Nc3 Nf5 17.Qd4 Nxd4 18.Nxd4 Qxd4 
19.O-O Bxc3 20.dxc3 Qh4 21.h3 Rd8 22.Be3 Rxb2 
23.Rad1 Rxd1 24.Rxd1 Ne4 25.Kh2 Nxf2 26.Bxf2 Rxf2 
27.Kg1 Rb2 28.c4 Qf2+ 0-1

[Event "HCL-C047"]
[Site "www.playchess.de"]
[Date "2001.04.17"]
[Round "18"]
[White "Zzax"]
[Black "GaryG"]
[WhiteElo "1000"]
[BlackElo "1000"]
[PlyCount "28"]
[Result "0-1"]

1.e4 e5 2.Nc3 Nf6 3.g3 d5 4.exd5 Nxd5 5.Bg2 Nxc3 
6.bxc3 Bd6 7.Ne2 O-O 8.O-O Nd7 9.d4 Re8 10.f4 e4 
11.f5 b6 12.Bf4 Nf6 13.Bxd6 cxd6 14.c4 
Qc7 0-1

[Event "HCL-C047"]
[Site "www.playchess.de"]
[Date "2001.04.17"]
[Round "19"]
[White "Yogesh"]
[Black "Zzax"]
[WhiteElo "1204"]
[BlackElo "1000"]
[PlyCount "46"]
[Result "0-1"]

1.e4 Nc6 2.d4 d5 3.e5 Bf5 4.Bb5 e6 5.g4 Bg6 6.h4 
h5 7.Nh3 Qxh4 8.Bxc6+ bxc6 9.c3 hxg4 10.Qa4 Kd7 
11.Bg5 Qh7 12.Na3 gxh3 13.O-O-O Bxa3 14.Qxa3 Be4 
15.Rh2 Bf3 16.Rd3 Qxd3 17.b4 Qd1+ 18.Kb2 Be4 
19.Qb3 Qxb3+ 20.Kxb3 Ne7 21.f4 Bg2 22.a4 Nf5 23.b5 
Ne3 0-1

[Event "HCL-C047"]
[Site "www.playchess.de"]
[Date "2001.04.17"]
[Round "20"]
[White "Zzax"]
[Black "qwert660"]
[WhiteElo "1000"]
[BlackElo "1299"]
[PlyCount "46"]
[Result "0-1"]

1.f4 e5 2.fxe5 d6 3.exd6 Bxd6 4.Nf3 Bg4 5.g3 h5 
6.d4 h4 7.Bg5 f6 8.Bxh4 Bxf3 9.exf3 g5 10.Qd3 gxh4 
11.Qg6+ Kf8 12.Bc4 Qe8+ 13.Qxe8+ Kxe8 14.g4 Nc6 
15.Bb5 Nge7 16.Nc3 a6 17.Bxc6+ Nxc6 18.O-O-O Kf7 
19.Ne4 Rad8 20.Rhe1 Bf4+ 21.Kb1 Rxd4 22.Rxd4 Nxd4 
23.Rf1 Bxh2 0-1

[Event "HCL-C047"]
[Site "www.playchess.de"]
[Date "2001.04.17"]
[Round "29"]
[White "JeanPierre"]
[Black "Hansie"]
[WhiteElo "1596"]
[BlackElo "1000"]
[PlyCount "47"]
[Result "1-0"]

1.Nf3 d5 2.g3 Nf6 3.Bg2 d4 4.O-O Qd5 5.d3 c5 6.c4 
Qh5 7.e3 Bh3 8.Bxh3 Qxh3 9.Qb3 b6 10.exd4 Ng4 
11.dxc5 Kd8 12.cxb6 Nc6 13.bxa7 Rxa7 14.Qb6+ Kd7 
15.Bf4 g5 16.Bb8 Nxb8 17.Qxa7+ Kc8 18.Nc3 Nc6 
19.Qa6+ Kd7 20.Qb7+ Kd6 21.Ne4+ Ke6 22.Qxc6+ Kf5 
23.Nd4+ Ke5 24.Qd5+ 1-0

[Event "HCL-C047"]
[Site "www.playchess.de"]
[Date "2001.04.17"]
[Round "30"]
[White "Ewie"]
[Black "JeanPierre"]
[WhiteElo "447"]
[BlackElo "1596"]
[PlyCount "36"]
[Result "0-1"]

1.e4 c5 2.Bc4 g6 3.Nf3 Bg7 4.Nc3 Nc6 5.Ng5 Ne5 
6.b3 Nxc4 7.bxc4 Nf6 8.Nxf7 Kxf7 9.Qf3 Kg8 10.Rb1 
d6 11.Nd5 Nxd5 12.cxd5 Qa5 13.O-O Qxa2 14.Qb3 Qxb3 
15.Rxb3 b6 16.Rf3 Bd7 17.g3 Rf8 18.c4 
Rxf3 0-1

[Event "HCL-C047"]
[Site "www.playchess.de"]
[Date "2001.04.17"]
[Round "32"]
[White "Yogesh"]
[Black "JeanPierre"]
[WhiteElo "1204"]
[BlackElo "1596"]
[PlyCount "56"]
[Result "0-1"]

1.e4 d6 2.d4 Nf6 3.Nc3 g6 4.d5 Bg7 5.Nf3 O-O 6.Bd3 
Nbd7 7.Bd2 Nc5 8.b4 Nxd3+ 9.cxd3 a5 10.b5 Bd7 
11.d4 Qe8 12.a4 e6 13.dxe6 Qxe6 14.e5 dxe5 15.dxe5 
Ng4 16.O-O Nxe5 17.Re1 Nxf3+ 18.Qxf3 Qc4 19.Ne4 
Bxa1 20.Nf6+ Kg7 21.Rxa1 Bf5 22.Bc3 Rfd8 23.Nh5+ 
Kf8 24.Nf6 h6 25.Nh7+ Ke8 26.Re1+ Be6 27.Bg7 Qb4 
28.Re3 Qb1+ 0-1

[Event "HCL-C047"]
[Site "www.playchess.de"]
[Date "2001.04.17"]
[Round "35"]
[White "JeanPierre"]
[Black "Zzax"]
[WhiteElo "1596"]
[BlackElo "1000"]
[PlyCount "39"]
[Result "1-0"]

1.b3 d5 2.Nf3 c5 3.e3 Nf6 4.Bb2 e6 5.c4 Be7 6.cxd5 
exd5 7.d4 O-O 8.dxc5 Bxc5 9.a3 Nc6 10.Be2 Re8 
11.O-O Qe7 12.Re1 Bxe3 13.Bd3 Bxf2+ 14.Kxf2 Ng4+ 
15.Kg1 Ne3 16.Qd2 Bg4 17.Nd4 f5 18.Bxf5 Qg5 
19.Nxc6 Bxf5 20.Ne5 1-0

[Event "HCL-A038"]
[Site "www.playchess.de"]
[Date "2001.04.18"]
[Round "7"]
[White "teenspirit"]
[Black "MarkusSSG"]
[WhiteElo "1816"]
[BlackElo "2380"]
[PlyCount "112"]
[Result "0-1"]

1.d4 Nf6 2.Nf3 g6 3.Bf4 d6 4.Nbd2 Bg7 5.h3 O-O 
6.e4 Nbd7 7.Bc4 Nh5 8.Be3 e5 9.c3 Nb6 10.Bb3 Nf4 
11.Bxf4 exf4 12.Qc2 a5 13.a4 Be6 14.O-O Qe7 
15.Rfe1 Rfe8 16.e5 {It's been a long time master.} 
 d5 {yes i wish you a happy new year}  17.c4 dxc4 
18.Nxc4 {Happy new year Markus}  Nd5 19.Ncd2 Nb4 
20.Qc3 Ra6 21.Bxe6 fxe6 22.Rec1 Nd5 23.Qc5 Rb6 
24.Qxe7 Rxe7 25.Rab1 Rb4 26.b3 Re8 {intresting 
game}  27.Ne4 {yes, hard fought one!}  h6 28.Nc3 
Nxc3 29.Rxc3 c6 30.Rc5 b5 31.Ra1 {I didn't see 
that one. Now It's really unclear}  Rxb3 {yes b5 
is a strong move}  32.axb5 cxb5 33.Rxa5 Rb1+ 
34.Kh2 b4 35.Rab5 Ra8 36.Rba5 Rxa5 37.Rxa5 Bf8 
38.Rb5 Be7 39.d5 exd5 40.Rxd5 Rb2 41.Kg1 Kf7 
42.Rd7 Ke6 43.Rb7 Bc5 44.Rc7 Bxf2+ 45.Kf1 Be3 
46.Rc6+ Kd5 47.Rd6+ Ke4 48.e6 Rf2+ 49.Ke1 Rxg2 
50.Nd2+ Ke5 51.Nc4+ Kf6 52.Nxe3 fxe3 53.Rb6 Rb2 
54.e7+ Kxe7 55.Rxg6 b3 56.Rxh6 
Rh2 0-1

[Event "HCL-A051"]
[Site "www.playchess.de"]
[Date "2001.04.18"]
[Round "3"]
[White "mel"]
[Black "teenspirit"]
[WhiteElo "1241"]
[BlackElo "1773"]
[PlyCount "108"]
[Result "0-1"]

1.e3 c5 2.Bc4 d5 3.Bf1 Nc6 4.h3 e5 5.b3 Be6 6.Bb2 
f6 7.Qe2 Bd6 8.Nc3 Nge7 9.g4 Qa5 10.Nb5 O-O-O 
11.Nxd6+ Rxd6 12.c3 Rhd8 13.Bg2 d4 14.Nf3 e4 
15.Nh2 f5 16.O-O g6 17.a3 dxe3 18.d4 exf2+ 19.Rxf2 
cxd4 20.b4 Qd5 21.b5 d3 22.Qd2 Ne5 23.c4 Nxc4 
24.Rc1 Kb8 25.Qg5 R6d7 26.Bf6 Qc5 27.Bxe4 d2 
28.Rd1 Ne3 29.Bxe7 Rxe7 30.Rdxd2 Rxd2 31.Rxd2 Qc1+ 
32.Nf1 Qxf1+ 33.Kh2 Nxg4+ 34.hxg4 Rc7 35.gxf5 gxf5 
36.Bc6 bxc6 37.bxc6 Qb5 38.Qd8+ Bc8 39.Rd4 Qxc6 
40.Qg5 Qg6 41.Qf4 Qh5+ 42.Kg2 Qg4+ 43.Qxg4 fxg4 
44.Rxg4 Bxg4 45.a4 Rc3 46.a5 Kc7 47.a6 Kd6 48.Kh2 
Ke5 49.Kg2 Kf4 50.Kf2 Rc2+ 51.Ke1 Ke3 52.Kf1 Ra2 
53.Kg1 Bf3 54.Kf1 Ra1+ 0-1

[Event "HCL-A060"]
[Site "www.playchess.de"]
[Date "2001.04.18"]
[Round "6"]
[White "westman"]
[Black "Derek"]
[WhiteElo "1700"]
[BlackElo "1700"]
[PlyCount "60"]
[Result "0-1"]

1.b3 f5 2.Bb2 d6 3.d4 Nf6 4.Nf3 g6 5.g3 Bg7 6.Bg2 
O-O 7.O-O Qe8 8.c4 Na6 9.d5 Bd7 10.Re1 c6 11.Nc3 
Ne4 12.Qc1 {are you ready to rumble? ;)}  Nac5 
13.Nd2 Bxc3 14.Bxc3 cxd5 15.Bb2 Rc8 16.Qd1 dxc4 
17.Nxc4 Qf7 18.f3 Nf6 19.Qd4 b6 20.Rad1 {Offer you 
a draw. Then we can go both to the next class. ;)} 
 Ne6 {Sorry, but I'd like to play on a little 
longer.}  21.Qd2 Bb5 22.Na3 Ba6 23.e4 fxe4 24.fxe4 
Ng4 25.e5 {awdlijs38k}  dxe5 26.h3 Rcd8 27.Qc2 
{The last was not my message. I can't understand. 
I hope now works...}  Rxd1 28.Rxd1 {Sorry for the 
long break, but I havn't enough time to play.}  
Ne3 29.Qd2 Nxd1 30.Qxd1 Qf2+ 0-1

[Event "HCL-A061"]
[Site "www.playchess.de"]
[Date "2001.04.18"]
[Round "8"]
[White "Brrrr"]
[Black "Jessica"]
[WhiteElo "1796"]
[BlackElo "1700"]
[PlyCount "61"]
[Result "1-0"]

1.d4 Nf6 2.c4 g6 3.Nc3 d5 4.cxd5 Nxd5 5.e4 Nxc3 
6.bxc3 c5 7.Bc4 Bg7 8.Ne2 cxd4 9.cxd4 e6 10.O-O 
O-O 11.Qd3 Nc6 12.Bb2 Qc7 13.Rfc1 Bd7 14.Qe3 Rad8 
15.Rc2 {Let's play on a bit.}  a6 16.Rac1 Nb4 
17.R2c3 Qb6 18.Rb3 Ba4 19.a3 {2 minor pieces for a 
rook is a good deal!}  Bxb3 20.Qxb3 a5 21.axb4 
Qxb4 22.Qxb4 axb4 23.f4 h6 24.Kf2 g5 25.Bb3 Rdc8 
26.e5 Rxc1 27.Bxc1 Rc8 28.Bd2 g4 29.Bxb4 h5 30.f5 
exf5 31.e6 1-0

[Event "HCL-A067"]
[Site "www.playchess.de"]
[Date "2001.04.18"]
[Round "10"]
[White "Tassiac"]
[Black "daphatmon"]
[WhiteElo "1560"]
[BlackElo "1611"]
[PlyCount "53"]
[Result "1-0"]

1.e4 e6 2.Nf3 d6 3.d4 Be7 4.Be2 Bd7 5.O-O Nf6 
6.Nc3 h6 7.Nd2 O-O 8.f4 a6 9.e5 dxe5 10.fxe5 Nd5 
11.Nde4 b6 12.Bf3 Nc6 13.Ne2 Na7 14.c4 Nb4 15.Nf6+ 
gxf6 16.Bxa8 Qxa8 17.Bxh6 f5 18.Bxf8 Kxf8 19.a3 
Nbc6 20.Qd2 Ke8 21.Rf3 Kd8 22.Rh3 Kc8 23.Rh8+ Nd8 
24.Nc3 Nac6 25.Kh1 Qa7 26.Rd1 Na5 
27.Qd3 1-0

[Event "HCL-B115"]
[Site "www.playchess.de"]
[Date "2001.04.18"]
[Round "6"]
[White "Sturk"]
[Black "Czentovic"]
[WhiteElo "1632"]
[BlackElo "1200"]
[PlyCount "75"]
[Result "1-0"]

1.e4 c5 2.Nf3 e6 3.d4 cxd4 4.Nxd4 Nf6 5.Nc3 d6 
6.Be3 a6 7.Be2 Be7 8.O-O O-O 9.f4 Nc6 10.Qe1 Qc7 
11.Kh1 Nxd4 12.Bxd4 b5 13.a3 Bb7 14.Qg3 Ne8 15.Bd3 
Bf6 16.e5 dxe5 17.fxe5 Be7 18.Rae1 Bc5 19.Qh4 
{Sorry for the delay!}  g6 20.Bxc5 Qxc5 21.Be4 Rb8 
22.Qh6 b4 23.axb4 Qxb4 24.Bxb7 Rxb7 25.Ne4 f5 
26.exf6 Qxb2 27.Qh3 Rb6 28.f7+ Rxf7 29.Rxf7 Kxf7 
30.Qxh7+ Qg7 31.Ng5+ Ke7 32.Qh3 Nc7 33.Ne4 Qb2 
34.Qh7+ Kd8 35.Qg8+ Kd7 36.h3 Qxc2 37.Qxg6 Rb1 
38.Nf6+ 1-0

[Event "HCL-C096"]
[Site "www.playchess.de"]
[Date "2001.04.18"]
[Round "2"]
[White "Michael_Schenk"]
[Black "Elz"]
[WhiteElo "943"]
[BlackElo "1183"]
[PlyCount "118"]
[Result "1/2-1/2"]

1.e4 c5 2.Nf3 Nc6 3.Bb5 a6 4.Bxc6 dxc6 5.d3 Bg4 
6.O-O e6 7.Nbd2 Bd6 8.Nc4 Bc7 9.b3 b5 10.Ne3 Bxf3 
11.Qxf3 Be5 12.Rb1 Nf6 13.Bb2 Bxb2 14.Rxb2 O-O 
15.Rd1 Qd4 16.Rbb1 a5 17.c4 Qe5 18.Rd2 a4 19.b4 
Rfd8 20.a3 Nxe4 21.Rc2 Rxd3 {Happy New Year!}  
22.cxb5 Rxa3 23.bxc5 Rb3 24.Qd1 cxb5 25.Qc1 Rxb1 
26.Qxb1 Rb8 27.c6 Nc3 28.Qb4 Nd5 29.Qc5 h6 30.g3 
b4 31.Nxd5 Qxd5 32.Qa7 Rc8 33.Rc1 b3 34.Qa6 Rc7 
35.Qa8+ Kh7 36.Qxa4 f5 37.Qb4 e5 38.Qb6 Qd2 39.Rf1 
Qd6 40.Rc1 e4 41.h3 Rc8 42.Qxb3 Rxc6 43.Rxc6 Qxc6 
44.Qf7 Qf6 45.Qxf6 gxf6 46.Kf1 Kg6 47.Ke2 Kg5 
48.Ke3 h5 49.f3 h4 50.gxh4+ Kxh4 51.fxe4 Kxh3 
52.exf5 Kg4 53.Ke4 Kg5 54.Ke3 Kg4 55.Ke4 Kg3 
56.Ke3 Kg4 57.Ke4 Kg5 58.Ke3 Kxf5 59.Kf3 Ke5 {Nice 
comeback!}  1/2-1/2

[Event "HCL-C153"]
[Site "www.playchess.de"]
[Date "2001.04.18"]
[Round "19"]
[White "vulcan"]
[Black "Hulkster"]
[WhiteElo "988"]
[BlackElo "1000"]
[PlyCount "43"]
[Result "1-0"]

1.e4 e6 2.d4 Qf6 3.Nf3 Nh6 4.Bd3 Nc6 5.O-O Nxd4 
6.e5 Nxf3+ 7.Qxf3 Qxe5 8.Bxh6 gxh6 9.Nc3 Bd6 
10.Qh3 Qg5 11.Ne4 Qf5 12.Nxd6+ cxd6 13.Bxf5 exf5 
14.Qxf5 b6 15.Rfe1+ Kd8 16.Qf6+ Kc7 17.Qxh8 b5 
18.Re8 d5 19.Rxc8+ Rxc8 20.Qxc8+ Kxc8 21.Re1 Kc7 
22.Re7 1-0

[Event "HCL-E020"]
[Site "www.playchess.de"]
[Date "2001.04.18"]
[Round "26"]
[White "d2d4"]
[Black "Jacob"]
[WhiteElo "2029"]
[BlackElo "2041"]
[PlyCount "44"]
[Result "0-1"]

1.d4 {hi again!}  d5 {Good luck again!}  2.c4 c6 
3.Nc3 dxc4 4.e4 e5 5.Nf3 exd4 6.Qxd4 Qxd4 7.Nxd4 
b5 8.a4 b4 9.Nb1 Ba6 10.Nd2 c3 11.bxc3 bxc3 12.Nb1 
{sorry for the other game. we had a national 
holiday and I simply forgot about it.}  Bb4 {Thats 
ok!}  13.Nc2 Bxf1 14.Kxf1 c5 15.Ba3 Nc6 16.Ke2 
O-O-O 17.Rd1 Nge7 18.Rd3 Rxd3 19.Kxd3 Rd8+ 20.Kc4 
Ne5+ 21.Kb3 N7c6 22.Nxc3 Na5+ 0-1

[Event "HCL-E020"]
[Site "www.playchess.de"]
[Date "2001.04.18"]
[Round "34"]
[White "Toni"]
[Black "Pete"]
[WhiteElo "2000"]
[BlackElo "1998"]
[PlyCount "40"]
[Result "1/2-1/2"]

1.d4 Nf6 {Hello and Good luck}  2.Nf3 {you too!}  
d6 3.c4 Nbd7 4.Nc3 e5 5.e3 Be7 6.Bd3 c6 7.O-O O-O 
8.Qc2 Re8 9.Bd2 Bf8 10.Rfe1 Qe7 11.Ng5 h6 12.Nge4 
Nxe4 13.Nxe4 Nf6 14.Bc3 Nxe4 15.Bxe4 Bd7 16.Rad1 
Rad8 17.dxe5 dxe5 18.Rd2 Bc8 19.Red1 Rxd2 20.Rxd2 
Qc7 1/2-1/2

[Event "HCL-B153"]
[Site "www.playchess.de"]
[Date "2001.04.18"]
[Round "19"]
[White "Pelikan"]
[Black "class58"]
[WhiteElo "1380"]
[BlackElo "1763"]
[PlyCount "68"]
[Result "0-1"]

1.e4 e5 2.Nf3 Nc6 3.Bc4 h6 4.O-O a6 5.d4 b5 6.Bd5 
exd4 7.Nxd4 Bb7 8.Re1 Qh4 9.Nf5 Qf6 10.Nd2 Nge7 
11.Nf3 Nxd5 12.exd5+ Ne7 13.Nxe7 Bxe7 14.Be3 O-O 
15.Bd4 Qd6 16.Be5 Qc5 17.Bxc7 Bxd5 18.Rxe7 Bxf3 
19.Qxd7 Bc6 20.Qd6 Qxc2 21.Ree1 Be4 22.Qg3 Rfe8 
23.Be5 Bg6 24.Rac1 Qd3 25.Re3 Rac8 26.Rce1 Qd5 
27.h3 Qxa2 28.h4 h5 29.Qh3 Re6 30.f4 Qd5 31.f5 
Bxf5 32.Qxf5 f6 33.Qxh5 Rce8 34.Rd1 
Qc5 0-1

[Event "HCL-A071"]
[Site "www.playchess.de"]
[Date "2001.04.18"]
[Round "16"]
[White "kherubim"]
[Black "Brent"]
[WhiteElo "1667"]
[BlackElo "1158"]
[PlyCount "39"]
[Result "1-0"]

1.d4 Nf6 2.c4 e6 3.Nc3 c5 4.d5 d6 5.e4 exd5 6.cxd5 
a6 7.a4 Bd7 8.Nf3 Be7 9.e5 dxe5 10.Nxe5 O-O 11.d6 
Bxd6 12.Qxd6 b6 13.Bg5 Re8 14.f4 Re6 15.Qd2 Nc6 
16.Bc4 Rxe5+ 17.fxe5 Nxe5 18.Bd5 Rb8 19.O-O Be6 
20.Qe2 1-0

[Event "HCL-B163"]
[Site "www.playchess.de"]
[Date "2001.04.18"]
[Round "4"]
[White "teegran"]
[Black "Zeus"]
[WhiteElo "1500"]
[BlackElo "1676"]
[PlyCount "51"]
[Result "1/2-1/2"]

1.e4 d6 {Welcome!!  How are you?}  2.d4 {very good 
!! where do you come from ? by the flag i'd say 
usa but i can be wrong !!}  Nf6 {I am from 
Illinois in the USA.}  3.Nc3 Nbd7 4.f4 e5 5.fxe5 
dxe5 6.dxe5 Nxe5 7.Qxd8+ Kxd8 8.Bg5 c6 9.Nf3 Bd6 
10.O-O-O Kc7 11.h3 Re8 12.Nd4 a6 {Sorry about the 
delay...won't happen again!}  13.Nf5 Bf8 14.g4 h6 
15.Bxf6 gxf6 16.Bg2 Be6 17.a3 b5 {wow...}  18.Ne2 
Bc5 19.Ned4 Rad8 20.Ng7 Re7 21.Ndf5 Red7 22.Rxd7+ 
Bxd7 23.Bf1 Nf3 24.Be2 Ng5 25.Bd3 Nf3 
26.Rf1 1/2-1/2

[Event "HCL-A072"]
[Site "www.playchess.de"]
[Date "2001.04.18"]
[Round "9"]
[White "sazex"]
[Black "satura"]
[WhiteElo "1845"]
[BlackElo "1838"]
[PlyCount "34"]
[Result "0-1"]

1.e4 e6 2.d4 d5 3.e5 c5 4.c3 Qb6 5.Nf3 Nc6 6.Be2 
cxd4 7.cxd4 Nge7 8.g4 h5 9.Rg1 hxg4 10.Rxg4 Nf5 
11.Nc3 Bd7 12.Bd2 Nfxd4 13.Nxd4 Rxh2 14.Qb3 Bb4 
15.Be3 Rh1+ 16.Bf1 Qa6 17.Kd2 Rxf1 0-1

[Event "HCL-A072"]
[Site "www.playchess.de"]
[Date "2001.04.18"]
[Round "24"]
[White "satura"]
[Black "Flemming"]
[WhiteElo "1838"]
[BlackElo "1350"]
[PlyCount "101"]
[Result "1-0"]

1.c4 {Hi! I wish you a nice game}  Nf6 {Same to 
you!}  2.Nc3 c5 3.g3 Nc6 4.Bg2 g6 5.Nf3 Bg7 6.O-O 
O-O 7.d4 cxd4 8.Nxd4 Nxd4 9.Qxd4 d6 10.Qd3 a6 
11.Be3 Bf5 12.Qd2 Rb8 13.a4 Nd7 14.Rac1 Nc5 15.Qd1 
Re8 16.b4 Nd7 17.Qb3 b5 18.cxb5 Bxc3 19.Qxc3 axb5 
{Did you analyze 19. bxa6?}  20.a5 {not much. I 
had seen that Qxc3 and a5 gives white some 
advantage.}  Nf6 21.Bc6 Bd7 22.Bb6 Qc8 23.Ba7 Ra8 
24.Bd4 Bxc6 25.Qxc6 Qxc6 26.Rxc6 Nd5 27.Rb1 Rec8 
28.Rxc8+ Rxc8 29.e4 Rc4 30.exd5 Rxd4 31.Kg2 Kf8 
32.a6 Rc4 33.a7 Rc8 34.Rc1 Ra8 35.Rc7 Kg7 36.Rxe7 
Kf6 37.Rc7 Ke5 38.Rxf7 Kxd5 39.Rc7 Kd4 40.Kf1 Kd3 
41.Ke1 d5 42.g4 d4 43.f4 Re8+ 44.Kd1 h5 45.gxh5 
gxh5 46.f5 Rf8 47.Re7 Kc3 48.f6 d3 49.f7 Ra8 
50.Re8 Rxa7 51.Rc8+ 1-0

[Event "HCL-M011"]
[Site "www.playchess.de"]
[Date "2001.04.18"]
[Round "4"]
[White "Bronislaw"]
[Black "Zsozso"]
[WhiteElo "2326"]
[BlackElo "2200"]
[PlyCount "64"]
[Result "0-1"]

1.e4 {Hi! I'm from Romania. Good Luck !}  c5 2.Nf3 
Nc6 {I'm from Hungary.}  3.d4 {Nice to meet you 
again!}  cxd4 {Where have we met?}  4.Nxd4 {Sorry! 
Not again. But anywhere is nice to meet you.}  Nf6 
{Oh, it's very kind of you!}  5.Nc3 {I hope to 
have a nice and interesting game.}  e5 {I hope the 
same. Where do you live?}  6.Ndb5 {I live in 
Bucharest. You?}  d6 {I've been living in 
Zalaegerszeg for 6 years.}  7.Bg5 a6 8.Na3 b5 
9.Nd5 Be7 10.Bxf6 Bxf6 11.c3 Ne7 12.Nxf6+ gxf6 
13.Bd3 Bb7 14.O-O f5 15.exf5 Rg8 16.g3 d5 17.Qh5 
e4 18.Be2 Bc8 19.f6 Nf5 20.Qxh7 Kf8 21.Rfd1 Be6 
22.Qh3 Qxf6 23.Qg2 Nh4 24.Qf1 Rh8 25.f3 Nf5 26.Qf2 
e3 27.Qf1 Nxg3 28.hxg3 Bh3 29.Qe1 Qh6 30.Bf1 Bxf1 
31.Kxf1 Qh2 32.Qxe3 Re8 0-1

[Event "HCL-E021"]
[Site "www.playchess.de"]
[Date "2001.04.18"]
[Round "14"]
[White "Jozef"]
[Black "Giovanni"]
[WhiteElo "2176"]
[BlackElo "2000"]
[PlyCount "38"]
[Result "0-1"]

1.e4 {Hello, have a good luck !}  c5 2.Nf3 Nc6 
3.d4 cxd4 4.Nxd4 Nf6 5.Nc3 d6 6.Bg5 e6 7.Qd2 a6 
8.Be2 Be7 9.O-O-O Bd7 10.f4 Qc7 11.f5 O-O 12.g4 b5 
13.Bxf6 Bxf6 14.Nxc6 Qxc6 15.Qxd6 Bxc3 16.bxc3 
Qxc3 17.Qxd7 Rad8 18.Rd3 Qf6 19.Qc7 
Rdc8 0-1

[Event "HCL-C165"]
[Site "www.playchess.de"]
[Date "2001.04.18"]
[Round "20"]
[White "carmenE"]
[Black "ATP"]
[WhiteElo "1000"]
[BlackElo "1820"]
[PlyCount "44"]
[Result "1/2-1/2"]

1.e4 d5 {*handshake* nice game}  2.exd5 {Good 
Luck!}  Qxd5 { )}  3.Nc3 Qa5 4.d4 Nf6 5.Bc4 c6 
6.Nf3 Bf5 7.Ne5 e6 8.g4 Be4 9.O-O Bd5 10.f4 Bd6 
11.Bd3 h6 12.Re1 Qc7 13.Na4 b5 14.Nc3 Nbd7 15.Nxd5 
Nxd5 16.f5 Nxe5 17.dxe5 Bxe5 18.Qe2 Bd4+ 19.Kh1 
O-O 20.fxe6 fxe6 21.Qxe6+ Qf7 22.Qxf7+ 
Rxf7 1/2-1/2

[Event "HCL-A073"]
[Site "www.playchess.de"]
[Date "2001.04.18"]
[Round "33"]
[White "Roussos"]
[Black "Meho"]
[WhiteElo "1700"]
[BlackElo "1700"]
[PlyCount "66"]
[Result "0-1"]

1.d4 {hi good luck!}  d5 {Hi, wish nice game.}  
2.c4 dxc4 3.e4 Nc6 4.Be3 e5 5.d5 Bb4+ 6.Nc3 Na5 
7.Qa4+ c6 8.Qxb4 b5 9.a4 Nb3 10.Rd1 a5 11.Qa3 b4 
12.Qa2 bxc3 13.bxc3 Ba6 14.Nf3 f6 15.dxc6 Qc8 
16.Nd2 Nxd2 17.Rxd2 Qxc6 18.f3 Ne7 19.Be2 O-O 
20.O-O Rfd8 21.Rfd1 Rxd2 22.Rxd2 Rb8 23.Rb2 Rxb2 
24.Qxb2 Qxa4 25.Qb8+ Kf7 26.Bc5 Qd7 27.Qb6 Qb5 
28.Qd6 Qb7 29.Qd8 a4 30.Qa5 Bb5 31.Bd1 Nc6 32.Qb6 
Qxb6 33.Bxb6 a3 0-1

[Event "HCL-A073"]
[Site "www.playchess.de"]
[Date "2001.04.18"]
[Round "34"]
[White "markjburden"]
[Black "Roussos"]
[WhiteElo "1368"]
[BlackElo "1700"]
[PlyCount "73"]
[Result "1-0"]

1.e4 {best of luck}  c6 2.d4 d5 3.e5 Bf5 4.Nf3 e6 
5.Nc3 Nd7 6.Be3 c5 7.Bb5 cxd4 8.Bxd4 a6 9.Bxd7+ 
Qxd7 10.O-O Bb4 11.Ne2 Ne7 12.c3 Ba5 13.b4 Bc7 
14.Re1 Nc6 15.Ng3 Bg6 16.a4 O-O 17.a5 Rac8 18.Rc1 
Bb8 19.Bc5 Rfe8 20.c4 Ba7 21.Bd6 Bb8 22.c5 Bxd6 
23.cxd6 Nxb4 24.Rxc8 Rxc8 25.Qd2 Qa4 26.Rc1 Rxc1+ 
27.Qxc1 Nc6 28.Qc3 Qxa5 29.Qc1 f6 30.exf6 gxf6 
31.h4 Be8 32.Qf4 Qd8 33.Qg4+ Kf7 34.Nh5 e5 35.Qg7+ 
Ke6 36.Qxb7 Qxd6 37.Ng7+ 1-0

[Event "HCL-A074"]
[Site "www.playchess.de"]
[Date "2001.04.18"]
[Round "34"]
[White "Slide"]
[Black "Eaglewingz"]
[WhiteElo "1615"]
[BlackElo "1383"]
[PlyCount "79"]
[Result "1/2-1/2"]

1.e4 c5 2.Nf3 Nc6 3.Bb5 e6 4.c3 d5 5.Bxc6+ bxc6 
6.e5 c4 7.O-O Bc5 8.b3 Ba6 9.bxc4 Bxc4 10.d3 Ba6 
11.Re1 Nh6 12.d4 Be7 13.Bxh6 gxh6 14.Qc1 Bg5 
15.Qc2 O-O 16.Nbd2 Qc7 17.c4 Rae8 18.Qa4 Bc8 
19.Rac1 Bd7 20.cxd5 exd5 21.Nxg5 hxg5 22.Qb3 Be6 
23.Qf3 Rec8 24.Qh5 Qe7 25.Nf3 f6 26.exf6 Qxf6 
27.Qxg5+ Qxg5 28.Nxg5 Bf5 29.Re7 a6 30.g3 Rcb8 
31.Rxc6 Rb1+ 32.Kg2 Rb2 33.Rcc7 Bg6 34.Nh3 Rxa2 
35.Nf4 Be4+ 36.Kf1 Ra1+ 37.Ke2 Ra2+ 38.Ke1 Ra1+ 
39.Kd2 Ra2+ 40.Ke1 1/2-1/2

[Event "HCL-C178"]
[Site "www.playchess.de"]
[Date "2001.04.18"]
[Round "10"]
[White "craigsadler"]
[Black "Pocman"]
[WhiteElo "354"]
[BlackElo "1428"]
[PlyCount "62"]
[Result "0-1"]

1.e4 c5 2.Nf3 d6 3.d4 cxd4 4.Nxd4 Nf6 5.Nc3 a6 
6.Bc4 e6 7.Bb3 Be7 8.O-O O-O 9.f4 b5 10.f5 b4 
11.fxe6 bxc3 12.exf7+ Kh8 13.Nf5 a5 14.a4 Bb7 
15.e5 dxe5 16.Qxd8 Bxd8 17.bxc3 Bd5 18.Bxd5 Nxd5 
19.Nh6 Nf4 20.Bxf4 exf4 21.Nf5 Rxf7 22.Rxf4 g6 
23.Re1 Rf8 24.Nh4 Bb6+ 25.Kh1 Rxf4 26.Re8+ Kg7 
27.g3 Rf1+ 28.Kg2 Rf2+ 29.Kh1 g5 30.Re7+ Rf7 
31.Nf5+ Kf6 0-1

[Event "HCL-A075"]
[Site "www.playchess.de"]
[Date "2001.04.18"]
[Round "12"]
[White "Gorodish"]
[Black "dynamitedan"]
[WhiteElo "1699"]
[BlackElo "2004"]
[PlyCount "68"]
[Result "1/2-1/2"]

1.d4 d5 {Greetings from Perth Western Australia - 
good luck in the tournament}  2.c4 {thank you, 
also the best and greetings from germany}  c6 
3.Nc3 e6 4.Nf3 dxc4 5.a4 Bb4 6.e3 b5 7.Bd2 a5 
8.axb5 Bxc3 9.Bxc3 cxb5 10.b3 Nf6 11.bxc4 bxc4 
12.Bxc4 O-O 13.O-O Qc7 14.Nd2 Bb7 15.Qe2 Rc8 
16.Rfc1 Nbd7 17.Bb2 Qb6 18.Bb5 Rxc1+ 19.Rxc1 Ba6 
20.Bxa6 Qxb2 21.Rb1 Qc3 22.Bb7 Rb8 23.Qd1 e5 
24.dxe5 Qxe5 25.Bf3 Rxb1 26.Nxb1 Qc5 27.h3 h6 
28.Nd2 Ne5 29.Be2 Qb4 30.Qc2 a4 31.Qc8+ Kh7 
32.Qf5+ Ng6 33.Qc2 Kg8 34.Bc4 Ne5 1/2-1/2

[Event "HCL-A078"]
[Site "www.playchess.de"]
[Date "2001.04.18"]
[Round "4"]
[White "bondegnasker"]
[Black "eastman"]
[WhiteElo "1610"]
[BlackElo "1700"]
[PlyCount "71"]
[Result "1-0"]

1.e4 {Hello from Denmark}  d5 {Hello from Mex! 
Let's hex!}  2.exd5 {ok, I'll try :O)}  Nf6 3.d4 
c6 4.dxc6 Nxc6 5.Bb5 Qa5+ 6.Nc3 Bd7 7.Nf3 e6 8.O-O 
a6 9.Bxc6 Bxc6 10.Ne5 Qc7 11.Nxc6 Qxc6 12.a3 Be7 
13.Qe2 O-O 14.Rd1 Rfd8 15.Be3 Rac8 16.Rd2 Rc7 
17.Rad1 Rcd7 18.f3 b5 19.Bf2 b4 20.Ne4 {why draw?? 
don't you like playing chess? ;O)}  Nd5 {I like 
chess but at the moment I have a lot of other 
trouble in the real life... ;(((}  21.axb4 {sorry 
to hear that...}  Bxb4 {Life isn't easy!}  22.c3 
Be7 23.Ra1 Ra8 24.Rdd1 Rdd8 25.Ra5 {I don't think 
a draw would be a fair result - I'm probably 
winning.}  Rdb8 {I try to change this!}  26.Rda1 
{be my guest ;)}  Nc7 27.Bg3 h6 28.Bxc7 Qxc7 
29.R5xa6 Rxa6 30.Rxa6 Qb7 31.b4 Rd8 32.Nc5 Qd5 
33.Qa2 Qf5 34.Ra8 Rxa8 35.Qxa8+ Kh7 
36.Qe4 1-0